000 00570nam a22001937a 4500
005 20251108174842.0
008 250721s2009 xx 000 0 eng d
082 1 4 _aWB/333.3/AGR
100 1 _ahans, binswanger-mkhize
_eED.
245 1 0 _aAgricultural Land Redistribution :Toward Greater Consensus /
264 1 _awashington :
_bthe world bank,
_c2009.
300 _a466 P.
490 0 _aAGRICULTURE AND RURAL DEVELOPMENT
650 1 7 _aLAND REFORM
650 1 7 _aDEVELOPED COUNTRIES
700 1 _acamille, bourguignon
_eED.
942 _2ddc
_cBK
999 _c119768
_d119768